Control of the information system development cycle (Record no. 1251423)

MARC details
000 -LEADER
fixed length control field 00527nam a2200181Ia 4500
005 - DATE AND TIME OF LATEST TRANSACTION
control field 20250317123457.0
008 - FIXED-LENGTH DATA ELEMENTS--GENERAL INFORMATION
fixed length control field 008 250317s9999 xx 000 0 eng d
040 ## - CATALOGING SOURCE
Original cataloging agency FMSL
Language of cataloging eng
Transcribing agency FMSL
041 ## - LANGUAGE CODE
Language code of text/sound track or separate title eng
Source of code eng
084 ## - COLON CLASSIFICATION NUMBER
Classification number D658(B) K8
Assigning agency FMSL
100 ## - MAIN ENTRY--PERSONAL NAME
Personal name Benjanin R I
9 (RLIN) 740396
245 #0 - TITLE STATEMENT
Title Control of the information system development cycle
260 ## - PUBLICATION, DISTRIBUTION, ETC.
Place of publication, distribution, etc. NY
Name of publisher, distributor, etc. NY, Wiley International
Date of publication, distribution, etc. 1968
300 ## - PHYSICAL DESCRIPTION
Extent 90p
942 ## - ADDED ENTRY ELEMENTS (KOHA)
Koha item type Textbook
Classification part D658(B) K8

No items available.

Copyright @ Delhi University Library System